[Event "Chiasso 2days op"]
[Site "Chiasso"]
[Date "2020.10.24"]
[Round "2"]
[White "Raimondi, Francesco"]
[Black "Pierpaoli, Francesco"]
[Result "0-1"]
[WhiteElo "1554"]
[BlackElo "1743"]
[PlyCount "74"]
[EventDate "2020.10.24"]
[EventType "swiss"]
[EventRounds "5"]
[EventCountry "SUI"]
[SourceTitle "EXT 2022"]
[Source "ChessBase"]
[SourceDate "2021.10.06"]
[SourceVersion "1"]
[SourceVersionDate "2021.10.06"]
[SourceQuality "1"]

1. Nf3 Nf6 2. g3 g6 3. Bg2 Bg7 4. 0-0 0-0 5. d4 d5 6. c4 dxc4 7. Ne5 c5 8. dxc5 Qc7 9. Nxc4 Qxc5 10. Nba3 Nc6 11. Be3 Qh5 12. Qb3 Ng4 13. h4 Nge5 14. Nxe5 Nxe5 15. Bg5 Re8 16. f3 h6 17. g4 Bxg4 18. fxg4 Qxg4 19. Bf4 Rf8 20. Qg3 Qe6 21. Bh3 Qb6+ 22. Kh1 Qxb2 23. Rab1 Qd4 24. Rfd1 Qc5 25. Rdc1 Qa5 26. Rb5 Qa4 27. Bxe5 Bxe5 28. Rxe5 Rad8 29. Qb3 Qxh4 30. Qe3 e6 31. Re4 Qh5 32. Rc5 Rd5 33. Re5 Rd1+ 34. Kg2 Qh4 35. Qg3 Rg1+ 36. Kxg1 Qxg3+ 37. Bg2 Rd8 0-1